000 00460 a2200169 4500
003 NUST
005 20251024100556.0
040 _cNust
082 _a621.382,NAW
100 _aNawaz, Maj Babar
_9131504
245 _aAES Encryptor/ Decryptor on FPGA /
_cMaj Babar Nawaz, Capt Muhammad Bilal , Capt Khurram Riaz
260 _aRawalpindi
_bMCS (NUST)
_c2013
300 _ax,52 p;
650 _aUG Project
_9131132
651 _aTE-46
_9131505
942 _cPR
_2ddc
999 _c210863
_d210863